[Event "World Senior Teams +65"]
[Site "Dresden GER"]
[Date "2015.03.01"]
[Round "6.4"]
[White "Mishuchkov, Nikolai M."]
[Black "Gruzmann, Boris"]
[Result "1-0"]
[WhiteTitle "IM"]
[BlackTitle "FM"]
[WhiteElo "2306"]
[BlackElo "2210"]
[WhiteTeam "Russia"]
[BlackTeam "KAISSA Deutschland"]
[WhiteFideId "4102401"]
[BlackFideId "4105290"]
[EventDate "2015.02.24"]

1. Nf3 g6 2. d4 Nf6 3. g3 Bg7 4. Bg2 O-O 5. O-O d6 6. c4 Nc6 7. Nc3 Bf5 8. Ne1
Qc8 9. d5 Na5 10. e4 Bd7 11. Qe2 c5 12. Bd2 a6 13. Nd1 Qc7 14. Bc3 Ng4 15. Bxg7
Kxg7 16. h3 Ne5 17. b3 f5 18. f4 Nf7 19. exf5 gxf5 20. Ne3 b5 21. Nf3 Rab8 22.
Nh4 Nh6 23. g4 fxg4 24. hxg4 bxc4 25. g5 Ng8 26. bxc4 Qb6 27. Be4 Rf7 28. Rab1
Qd8 29. Rxb8 Qxb8 30. Bxh7 Kxh7 31. g6+ Kg7 32. gxf7 Kxf7 33. Qh5+ Kf8 34. Qh7
Be8 35. f5 1-0

[Event "World Senior Teams +65"]
[Site "Dresden GER"]
[Date "2015.03.02"]
[Round "7.1"]
[White "Vasiukov, Evgeni"]
[Black "Westerinen, Heikki M.J."]
[Result "1/2-1/2"]
[WhiteTitle "GM"]
[BlackTitle "GM"]
[WhiteElo "2426"]
[BlackElo "2304"]
[WhiteTeam "Russia"]
[BlackTeam "Finland"]
[WhiteFideId "4100522"]
[BlackFideId "500020"]
[EventDate "2015.02.24"]

1. e4 e6 2. d4 d5 3. e5 Bd7 4. Nf3 a6 5. h4 Bb5 6. h5 Bxf1 7. Kxf1 h6 8. g4 c5
9. c3 Nc6 10. Kg2 Rc8 11. Nbd2 cxd4 12. cxd4 Na5 13. Nf1 Ne7 14. Ne1 Nec6 15. f4
Qb6 16. Nf3 Nb4 17. Kg3 Nc2 18. Rb1 Na3 19. Ra1 Nc2 20. Rb1 Na3 21. Ra1 1/2-1/2

[Event "World Senior Teams +65"]
[Site "Dresden GER"]
[Date "2015.03.02"]
[Round "7.2"]
[White "Kanko, Ilkka"]
[Black "Zhelnin, Vladimir V"]
[Result "0-1"]
[WhiteTitle "FM"]
[BlackTitle "IM"]
[WhiteElo "2199"]
[BlackElo "2465"]
[WhiteTeam "Finland"]
[BlackTeam "Russia"]
[WhiteFideId "500194"]
[BlackFideId "4105567"]
[EventDate "2015.02.24"]

1. d4 d6 2. Nf3 Nf6 3. c4 Nbd7 4. Nc3 e5 5. e4 Be7 6. Be2 O-O 7. O-O c6 8. h3
Re8 9. Be3 Bf8 10. Qc2 exd4 11. Nxd4 Nc5 12. Bf3 a5 13. Rad1 Qc7 14. Bf4 Nfd7
15. Rfe1 a4 16. b4 axb3 17. axb3 Ne5 18. Be2 g6 19. Bg3 Qb6 20. Kh1 Bg7 21. Bf1
Ned3 22. Bxd3 Bxd4 23. Na4 Qxb3 24. Qxb3 Nxb3 25. Bc2 Na1 26. Re2 Nxc2 27. Rxc2
Be5 28. Bxe5 dxe5 29. Nb6 Ra5 30. Nxc8 Rxc8 31. Rd7 Rb8 32. Rc7 Rc5 33. Rd2 Rxc4
34. Rdd7 Rf8 35. Rxb7 Rxe4 36. Rdc7 Rf4 37. Kg1 Rd8 38. Rb2 Rf6 39. Rc2 Rdd6 40.
f3 h5 41. Re2 Rfe6 42. h4 Rd4 43. g3 Rd3 44. Kg2 Rc3 45. Rd7 Kg7 0-1

[Event "World Senior Teams +65"]
[Site "Dresden GER"]
[Date "2015.03.02"]
[Round "7.3"]
[White "Pushkov, Nikolai"]
[Black "Hurme, Harri"]
[Result "1-0"]
[WhiteTitle "GM"]
[BlackTitle "FM"]
[WhiteElo "2299"]
[BlackElo "2162"]
[WhiteTeam "Russia"]
[BlackTeam "Finland"]
[WhiteFideId "4117131"]
[BlackFideId "500321"]
[EventDate "2015.02.24"]

1. c4 g6 2. Nc3 Nf6 3. e4 e5 4. Nf3 Nc6 5. d4 exd4 6. Nxd4 Bg7 7. Nxc6 dxc6 8.
Qxd8+ Kxd8 9. Bd2 Be6 10. f3 Nd7 11. O-O-O Kc8 12. Be2 a6 13. Nd5 Re8 14. Nf4
Nf8 15. Rhe1 b5 16. Nxe6 Nxe6 17. Be3 b4 18. c5 Rd8 19. Bc4 Kb7 20. Bxe6 fxe6
21. Kc2 a5 22. Bg5 Rd4 23. Rxd4 Bxd4 24. Be3 Bf6 25. Rd1 Kc8 26. Bd4 Be7 27. Kb3
Rb8 28. Kc4 b3 29. a3 a4 30. f4 Rb5 31. g4 Kd7 32. f5 exf5 33. exf5 Ke8 34. Re1
Kd7 35. f6 Bf8 36. g5 Rb8 37. h4 Rd8 38. f7 Rb8 39. Re8 Rxe8 40. fxe8=Q+ Kxe8
41. Kb4 h6 42. Kxa4 hxg5 43. hxg5 Kd7 44. Kxb3 Kc8 45. Kc4 Be7 46. Bf6 1-0

[Event "World Senior Teams +65"]
[Site "Dresden GER"]
[Date "2015.03.03"]
[Round "8.1"]
[White "Hammar, Bengt"]
[Black "Vasiukov, Evgeni"]
[Result "0-1"]
[WhiteTitle "FM"]
[BlackTitle "GM"]
[WhiteElo "2180"]
[BlackElo "2426"]
[WhiteTeam "Sweden 1"]
[BlackTeam "Russia"]
[WhiteFideId "1700391"]
[BlackFideId "4100522"]
[EventDate "2015.02.24"]

1. e4 Nf6 2. e5 Nd5 3. d4 d6 4. Nf3 Bg4 5. Be2 e6 6. O-O Be7 7. h3 Bh5 8. c4 Nb6
9. exd6 cxd6 10. Nc3 O-O 11. Bf4 a6 12. b3 d5 13. c5 Bxf3 14. Bxf3 Nc8 15. Qd2
Nc6 16. Bd1 Bf6 17. Ne2 N8e7 18. Bc2 g6 19. Rad1 Re8 20. g4 Nxd4 21. Nxd4 e5 22.
Be3 exd4 23. Bxd4 Nc6 24. Bxf6 Qxf6 25. Qxd5 Qc3 26. Qc4 Qxh3 27. Rd3 Qh4 28.
Rg3 Rad8 29. Bd1 Rd4 30. Qc3 Qd8 31. Bf3 Rd2 32. Bxc6 bxc6 33. a3 Qd7 34. b4 Re4
35. g5 Rd5 36. Kg2 Ree5 37. f4 Re2+ 38. Rf2 Qe6 39. Rf3 Qg4+ 40. Rg3 Rxf2+ 41.
Kxf2 Qxf4+ 0-1

[Event "World Senior Teams +65"]
[Site "Dresden GER"]
[Date "2015.03.03"]
[Round "8.2"]
[White "Balashov, Yuri S"]
[Black "Andersson, Goran 19461"]
[Result "1-0"]
[WhiteTitle "GM"]
[WhiteElo "2432"]
[BlackElo "2159"]
[WhiteTeam "Russia"]
[BlackTeam "Sweden 1"]
[WhiteFideId "4100263"]
[BlackFideId "1701304"]
[EventDate "2015.02.24"]

1. Nf3 c5 2. g3 Nc6 3. Bg2 g6 4. O-O Bg7 5. d3 e6 6. e4 Nge7 7. Nbd2 O-O 8. Re1
d5 9. c3 b6 10. e5 Qc7 11. Qe2 Ba6 12. h4 Rae8 13. Nf1 d4 14. c4 b5 15. b3 bxc4
16. bxc4 Rb8 17. Bf4 Rb4 18. N1h2 Rfb8 19. Ng4 Rb2 20. Qd1 Kh8 21. Nf6 Ng8 22.
Ng5 Bxf6 23. exf6 e5 24. Rxe5 Nxe5 25. Bxe5 Qd7 26. Bxb8 Rxb8 27. Qa4 Bc8 28. --
Qd8 29. Qe8 1-0

[Event "World Senior Teams +65"]
[Site "Dresden GER"]
[Date "2015.03.03"]
[Round "8.3"]
[White "Malmdin, Nils-Ake"]
[Black "Zhelnin, Vladimir V"]
[Result "0-1"]
[WhiteTitle "FM"]
[BlackTitle "IM"]
[WhiteElo "2116"]
[BlackElo "2465"]
[WhiteTeam "Sweden 1"]
[BlackTeam "Russia"]
[WhiteFideId "1701584"]
[BlackFideId "4105567"]
[EventDate "2015.02.24"]

1. d4 Nf6 2. Nf3 g6 3. g3 Bg7 4. Bg2 O-O 5. O-O d6 6. Bg5 h6 7. Bf4 Nbd7 8. Nc3
c6 9. a4 Qe8 10. h3 e5 11. dxe5 dxe5 12. Be3 Qe7 13. Qd2 Kh7 14. Rfd1 Nb6 15.
Bxb6 axb6 16. Qe3 Nd7 17. Ne4 f5 18. Nd6 e4 19. Nxc8 Rfxc8 20. c3 Nc5 21. Nd4
Rxa4 22. Rab1 Re8 23. Nc2 Raa8 24. Ra1 b5 25. Rab1 h5 26. f4 Na4 27. Nb4 Rad8
28. Rxd8 Rxd8 29. Kf1 Qd6 30. Ke1 Rd7 31. Nc2 Qd5 32. Qc1 Bf6 33. Ne3 Qc5 34.
Kf1 Bd8 35. Nc2 Bf6 36. Ne3 b4 37. cxb4 Qxb4 38. Nc4 Rd4 39. Ne3 Qd2 40. Qxd2
Rxd2 41. Nc4 Rc2 42. b3 Nc3 43. Re1 Nd5 44. e3 b5 45. Ne5 Bxe5 46. fxe5 Kg7 47.
g4 hxg4 48. hxg4 Kf7 49. gxf5 gxf5 0-1

[Event "World Senior Teams +65"]
[Site "Dresden GER"]
[Date "2015.03.03"]
[Round "8.4"]
[White "Pushkov, Nikolai"]
[Black "Carlsson, Ingvar"]
[Result "1-0"]
[WhiteTitle "GM"]
[WhiteElo "2299"]
[BlackElo "2097"]
[WhiteTeam "Russia"]
[BlackTeam "Sweden 1"]
[WhiteFideId "4117131"]
[BlackFideId "1702670"]
[EventDate "2015.02.24"]

1. c4 f5 2. g3 Nf6 3. Bg2 d6 4. Nc3 e5 5. d3 g6 6. Bg5 h6 7. Bxf6 Qxf6 8. e3 Bg7
9. Nge2 O-O 10. O-O c6 11. Rb1 a5 12. a3 Be6 13. b4 axb4 14. Rxb4 Rxa3 15. Rxb7
e4 16. Qb1 Na6 17. d4 Bxc4 18. Qb2 Ra5 19. Qb6 Qd8 20. Qxc6 Qc8 21. Qb6 Ra3 22.
Rb1 Bd3 23. Rc1 Qd8 24. Qa7 Bf6 25. Nf4 g5 26. Ne6 Qa8 27. Rg7+ Kh8 28. Nxf8
Qxf8 29. Rf7 Qd8 30. Rh7+ 1-0

[Event "World Senior Teams +65"]
[Site "Dresden GER"]
[Date "2015.03.04"]
[Round "9.1"]
[White "Vasiukov, Evgeni"]
[Black "Postler, Reinhard"]
[Result "1-0"]
[WhiteTitle "GM"]
[BlackTitle "FM"]
[WhiteElo "2426"]
[BlackElo "2250"]
[WhiteTeam "Russia"]
[BlackTeam "Berliner Schachverband"]
[WhiteFideId "4100522"]
[BlackFideId "4611608"]
[EventDate "2015.02.24"]

1. e4 c5 2. Nf3 e6 3. d3 Nc6 4. g3 d6 5. Bg2 Nf6 6. O-O Be7 7. Nc3 a6 8. a3 O-O
9. Ng5 d5 10. f4 d4 11. Ne2 e5 12. Nf3 Bd6 13. Kh1 Bd7 14. c3 Bg4 15. cxd4 Nxd4
16. Nexd4 cxd4 17. fxe5 Bxe5 18. Qb3 Bxf3 19. Rxf3 Qe7 20. Bh3 Ne8 21. Bd2 Kh8
22. Rc1 f6 23. Qb6 Nd6 24. Ba5 Nf7 25. Rf2 Ng5 26. Bg4 Rfe8 27. Kg2 g6 28. h4
Nf7 29. Bb4 Nd6 30. Rc7 Qd8 31. Bxd6 Bxd6 32. Rxb7 Qxb6 33. Rxb6 Be5 34. Rc2 a5
35. Be6 Reb8 36. Rbc6 Kg7 37. Bd5 Ra7 38. R6c4 Ra6 39. Ra4 Rab6 40. b3 Rb5 41.
g4 h5 42. gxh5 gxh5 43. Kf3 Kh6 44. Rc6 R5b7 45. -- Ra8 46. -- Rh8 1-0

[Event "World Senior Teams +65"]
[Site "Dresden GER"]
[Date "2015.03.04"]
[Round "9.3"]
[White "Zhelnin, Vladimir V"]
[Black "Sprotte, Norbert"]
[Result "1-0"]
[WhiteTitle "IM"]
[WhiteElo "2465"]
[BlackElo "2211"]
[WhiteTeam "Russia"]
[BlackTeam "Berliner Schachverband"]
[WhiteFideId "4105567"]
[BlackFideId "4607015"]
[EventDate "2015.02.24"]

1. e4 e6 2. d4 d5 3. Nc3 Bb4 4. e5 c5 5. Bd2 Ne7 6. Nb5 Bxd2+ 7. Qxd2 O-O 8. c3
Bd7 9. dxc5 Bxb5 10. Bxb5 Qc7 11. Nf3 Qxc5 12. Bd3 Nd7 13. O-O Nc6 14. Rfe1 h6
15. Re2 f5 16. exf6 Rxf6 17. Rae1 Qd6 18. Bc2 Rd8 19. Qd3 Nf8 20. b4 Rc8 21. Bb3
a6 22. Re3 Qc7 23. Qd2 Qf4 24. h3 b5 25. g3 Qb8 26. Nh2 h5 27. Nf3 Nd8 28. h4
Nf7 29. Nd4 Nd8 30. a4 Qb6 31. axb5 axb5 32. Qe2 Rxc3 33. Rxc3 Qxd4 34. Rc5 Nb7
35. Rd1 Qg4 36. Qxg4 hxg4 37. Rxb5 Nd6 38. Rb8 Rf3 39. Rxd5 Nf7 40. Ra5 Rxb3 41.
Raa8 Rb1+ 42. Kg2 Ne5 43. Rxf8+ Kh7 44. Rf4 Nf3 45. Rxg4 Ne1+ 46. Kf1 Nc2+ 47.
Ke2 1-0